000 00469nam a2200169Ia 4500
999 _c36970
_d36970
003 OSt
005 20210315144221.0
008 190216s9999||||xx |||||||||||||| ||und||
040 _coclc
082 _a540
_bKAP/O
100 _aKapil, P N
_98539
245 0 _aObjective Chemistry Volume 3 /
_cP N Kapil
260 _bS Dinesh And Co,
_aNew Delhi:
_c2009.
300 _a744p
650 _aReferences
942 _cBK
_2ddc
_h540
_iKAP/O
_k540
_mKAP/O